LEADER 01584nam a2200301 i 4500 001 000000190039 003 CaOOAMICUS 005 20100526000000.0 008 100526s2009 it u000 u ita u 013 $a168392 020 $a978-88-7228-554-1 040 $aSeMil$bita 245 13$aLe radici della Cattedrale :$blo studio ed il restauro del succorpo nel contesto della fabbrica della cattedrale di Bari /$cA cura di Pina Belli D'Elia ed Emilia Pellegrino. 260 $aBari :$bEdipuglia,$c2009. 300 $aXVI, 263 p. + 10 c. di tav. rip. :$briccamente ill. ;$c30 cm. 490 0 $aPer la storia della Chiesa di Bari : studi e materiali ;$v26 500 $aIn allegato : 10 c. di tav. ripieg. - Dono del Card. Dionigi Tettamanzi. 650 4$aBari - Chiese - Cattedrale di Santa Maria Assunta e San Sabino.$0(OLS)http://semarc/subject/35834 700 1 $aPellegrino, Emilia.$0(OLS)http://semarc/name/69517 700 1 $aBelli D'Elia, Pina.$0(OLS)http://semarc/name/50909 830 0$aPer la storia della Chiesa di Bari : studi e materiali ;$v26.$0(OLS)http://semarc/title/9921 850 $aSeMil 852 $aSeMil$W1$xVenegono$y1$m3P VI 387$j140670$B140670$CSeMilBibl$Z2$F152526 $81 941 1 $a5 961 $aOmaggio: Tettamanzi Card. Dionigi 996 $6020$a978-88-7228-554-1$9(OLS)http://semarc/number/180870 996 $6245$aLe radici della Cattedrale :$blo studio ed il restauro del succorpo nel contesto della fabbrica della cattedrale di Bari$9(OLS)http://semarc/title/273729 996 $6260$aBari :$bEdipuglia$9(OLS)http://semarc/publisher/31552 LEADER 01165nam a2200277 i 4500 001 000000195787 003 CaOOAMICUS 005 20101228000000.0 008 101228s2010 it u000 u ita u 013 $a174467 020 $a978-88-15-13404-2 040 $aSeMil$bita 100 1 $aBarbagli, Marzio <1938- >.$0(OLS)http://semarc/name/11896 245 13$aLa sessualità degli italiani /$cMarzio Barbagli, Gianpiero Della Zuanna, Franco Garelli. 260 $aBologna :$bIl Mulino,$c2010. 300 $a341 p. ;$c21 cm. 490 0 $aContemporanea ;$v195 650 4$aItaliani - Comportamento sessuale.$0(OLS)http://semarc/subject/12941 700 1 $aGarelli, Franco,$d<1945- >.$0(OLS)http://semarc/name/16294 830 0$aContemporanea ;$v195.$0(OLS)http://semarc/title/1948 850 $aSeMil 852 $aSeMil$W1$xVenegono$y1$m3N III 142$j146356$B146356$CSeMilBibl$Z2$F158455 $81 961 $aOmaggio: Bressan don Luca 996 $6020$a978-88-15-13404-2$9(OLS)http://semarc/number/187583 996 $6245$aLa sessualità degli italiani$9(OLS)http://semarc/title/282589 996 $6260$aBologna :$bIl Mulino$9(OLS)http://semarc/publisher/29842